[Event "Barcelona Lleida op"]
[Site "Barcelona"]
[Date "2019.04.27"]
[Round "2.6"]
[White "Brunet Martinez, Josep"]
[Black "Palau Barrufet, Vinyet"]
[Result "0-1"]
[WhiteElo "2056"]
[BlackElo "1769"]
[PlyCount "46"]
[EventDate "2019.04.06"]
[EventType "swiss"]
[EventRounds "9"]
[EventCountry "ESP"]
[SourceTitle "EXT 2024"]
[Source "ChessBase"]
[SourceDate "2023.10.10"]
[SourceVersion "1"]
[SourceVersionDate "2023.10.10"]
[SourceQuality "1"]

1. Nc3 Nf6 2. d4 d5 3. Bg5 Bf5 4. Nf3 e6 5. e3 Be7 6. Bd3 Bg6 7. 0-0 0-0 8. Re1 Nbd7 9. Qe2 c5 10. Bxg6 hxg6 11. Qd3 Rc8 12. Rad1 Re8 13. Bxf6 Nxf6 14. h3 c4 15. Qd2 Bb4 16. Ng5 Nd7 17. e4 Nb6 18. a3 Ba5 19. exd5 Nxd5 20. Nge4 Qc7 21. Qg5 Red8 22. Nb5 Qb6 23. Nec3 a6 0-1

[Event "Tarrega Lleida op"]
[Site "Tarrega"]
[Date "2017.05.20"]
[Round "5.6"]
[White "Ribera Pane, Jaume"]
[Black "Palau Barrufet, Vinyet"]
[Result "1-0"]
[WhiteElo "2063"]
[BlackElo "1373"]
[PlyCount "67"]
[EventDate "2017.04.22"]
[EventType "swiss"]
[EventRounds "8"]
[EventCountry "ESP"]
[SourceTitle "EXT 2024"]
[Source "ChessBase"]
[SourceDate "2023.10.10"]
[SourceVersion "1"]
[SourceVersionDate "2023.10.10"]
[SourceQuality "1"]

1. d4 d5 2. c4 e6 3. g3 Nf6 4. Bg2 Nbd7 5. Nf3 Be7 6. 0-0 0-0 7. Qc2 b6 8. cxd5 exd5 9. Bf4 c5 10. Rd1 Bb7 11. Nc3 Re8 12. Rac1 Nf8 13. Qf5 Ng6 14. Bg5 Ne4 15. Bxe7 Qxe7 16. Nxd5 Bxd5 17. Qxd5 Nf6 18. Qb3 Rad8 19. e3 Ne4 20. dxc5 Nxc5 21. Qc2 Rxd1+ 22. Rxd1 h6 23. Nd4 Ne5 24. Bd5 Rd8 25. e4 Qd7 26. Qe2 Ng6 27. b4 Nb7 28. Nf5 Kf8 29. Qb2 f6 30. Nd4 Ne5 31. f4 Ng6 32. Bxb7 Rb8 33. Bd5 Ne7 34. Ne6+ 1-0

[Event "Tarrega Lleida op"]
[Site "Tarrega"]
[Date "2017.05.06"]
[Round "3.4"]
[White "Palau Barrufet, Vinyet"]
[Black "Rodon Balcells, Jaume"]
[Result "1/2-1/2"]
[WhiteElo "1373"]
[BlackElo "1832"]
[PlyCount "95"]
[EventDate "2017.04.22"]
[EventType "swiss"]
[EventRounds "8"]
[EventCountry "ESP"]
[SourceTitle "EXT 2024"]
[Source "ChessBase"]
[SourceDate "2023.10.10"]
[SourceVersion "1"]
[SourceVersionDate "2023.10.10"]
[SourceQuality "1"]

1. e4 e5 2. Nf3 Nf6 3. Nc3 Nc6 4. d3 h6 5. Be3 d5 6. exd5 Nxd5 7. Nxd5 Qxd5 8. Be2 Bg4 9. h3 Bh5 10. 0-0 Bd6 11. c3 0-0 12. Qc2 Rae8 13. Rfe1 Kh8 14. a3 Qe6 15. Rad1 Bg6 16. Nh4 Bh7 17. Bf3 e4 18. Bxe4 Bxe4 19. dxe4 Qxe4 20. Qxe4 Rxe4 21. Nf3 Rfe8 22. Kf1 b6 23. Nd4 Nxd4 24. Bxd4 f6 25. b4 Kg8 26. a4 Kf7 27. a5 R8e6 28. axb6 axb6 29. Rxe4 Rxe4 30. Bxb6 Bxb4 31. Rd7+ Re7 32. Rxe7+ Kxe7 33. Bxc7 Bxc3 34. Ke2 Ke6 35. Ke3 f5 36. f3 g5 37. g4 Bb2 38. gxf5+ Kxf5 39. Kf2 h5 40. Kg2 Bc1 41. Bb8 Bf4 42. Ba7 Ke5 43. Bb6 Kd5 44. Ba7 Kc4 45. Bb6 Kd3 46. Ba7 Ke2 47. Bb6 Be3 48. Bd8 1/2-1/2

[Event "Lleida-ch (Women)"]
[Site "Lleida"]
[Date "2012.??.??"]
[Round "3.1"]
[White "Palau Barrufet, Vinyet"]
[Black "Camarasa Miranda, Maria Teresa"]
[Result "1-0"]
[WhiteElo "1700"]
[BlackElo "1700"]
[PlyCount "55"]
[EventDate "2012.10.06"]
[EventType "tourn"]
[EventRounds "5"]
[EventCountry "ESP"]
[SourceTitle "EXT 2024"]
[Source "ChessBase"]
[SourceDate "2023.10.10"]
[SourceVersion "1"]
[SourceVersionDate "2023.10.10"]
[SourceQuality "1"]

1. e4 e5 2. Nf3 Nc6 3. Bc4 Nf6 4. 0-0 Nxe4 5. d3 Ng5 6. Bxg5 Be7 7. Bxe7 Qxe7 8. Nc3 0-0 9. Qe2 d6 10. Nd5 Qd7 11. h3 Nd4 12. Nxd4 exd4 13. Qf3 b5 14. Bb3 Bb7 15. Rfe1 c6 16. Nf4 Rae8 17. Rad1 c5 18. Qg3 h6 19. Nh5 g6 20. Nf6+ Kg7 21. Nxd7 Rh8 22. Rxe8 Rxe8 23. Qxd6 Bc8 24. Kf1 Rd8 25. Qc6 Bxd7 26. Qc7 Re8 27. Qxd7 Kf8 28. Qxf7# 1-0